Návrh opatrení na zlepšenie procesu prijímania a adaptácie výrobných zamestnancov v podniku Faurecia Automotive Slovakia s.r.o.

Enregistré dans:
Détails bibliographiques
Auteur principal: Bachratý, Denis (Auteur)
Autres auteurs: Homokyová, Mária (Directeur de thèse)
Format: Manuscrit Livre
Langue:slovaque
Publié: 2023
Sujets:
Accès en ligne:http://is.stuba.sk/zp/portal_zp.pl?podrobnosti=163797
Tags: Ajouter un tag
Pas de tags, Soyez le premier à ajouter un tag!

MARC

LEADER 00000ntm a22000003a 4500
001 stuzp93214
003 SK-STU
005 20230909214329.3
007 ta
008 150427s2015----xo-----f-mn---000-0-slo-d
040 |a STU  |b slo 
041 0 |a slo 
100 1 |a Bachratý, Denis  |u 064000  |4 aut  |U MTF Materiálovotechnologická fakulta  |T MTF Ústav priemyselného inžinierstva a manažmentu  |X 111734  |U M4000  |Y 84  |7 111734 
242 0 1 |a Proposal of measures to improve the hiring process and adaptation of production employees in the company Faurecia Automotive Slovakia s.r.o.  |y eng 
245 1 0 |a Návrh opatrení na zlepšenie procesu prijímania a adaptácie výrobných zamestnancov v podniku Faurecia Automotive Slovakia s.r.o. 
260 |c 2023 
650 4 |a prijímanie  |2 slo 
650 4 |a adaptácia  |2 slo 
650 4 |a adaptačný proces  |2 slo 
650 4 |a zamestnanci  |2 slo 
650 4 |a recruitment  |2 eng 
650 4 |a adaptation  |2 eng 
650 4 |a adaptation process  |2 eng 
650 4 |a employees  |2 eng 
700 1 |a Homokyová, Mária  |u 064000  |k Z1  |4 ths  |U MTF Materiálovotechnologická fakulta  |T MTF Ústav priemyselného inžinierstva a manažmentu  |X 2756  |U M4000  |Y 84  |7 A000002756 
856 4 |u http://is.stuba.sk/zp/portal_zp.pl?podrobnosti=163797 
996 |c M* BP-9505  |l MMSKP  |s P  |a 0  |w stuzp93214_0001